000 00795nam a2200229Ii 4500
003 JO-AjNU
008 230605s9999||||xx |||||||||||||| ||und||
017 _a98/11611
020 _a977-5040-91-4
040 _aJO-AjNU
_bara
_erda
_cJO-AjNU
041 _aara
050 1 4 _aP91.3.M3352 1998
100 3 _aخليل,محمود تأليف,
_eauthor
_920249
245 0 0 _aتكنولوجيا برامج التحليل العلمي ببحوث الاعلام
250 _aط1
264 3 1 _aالقاهرة:العربي للنشر والتوزيع,1998
300 _a156ص
336 _atext
_btxt
_2rdacontent
337 _aunmediated
_bn
_2rdamedia
338 _avolume
_bnc
_2rdacarrier
650 4 _aالتحليل العلمي-تكنولوجيا برامج التحليل العلمي
_920250
999 _aA6829
_c10397
_d10397